| 000 | 00457nam a22001937a 4500 | ||
|---|---|---|---|
| 003 | LK-CoMWRAF | ||
| 005 | 20231117211943.0 | ||
| 008 | 231117b |||||||| |||| 00| 0 eng d | ||
| 020 | _a0002219050 | ||
| 040 |
_aLK-CoMWRAF _dLK-CoMWRAF _eLK-CoMWRAF |
||
| 041 | _aeng | ||
| 082 |
_a823 _bINN |
||
| 100 | _aInnes, Hammond | ||
| 245 | _aThe White south | ||
| 260 |
_bVintage Digital, _c2013 |
||
| 300 | _a336p | ||
| 650 | _aEnglish Fiction | ||
| 942 | _cBK | ||
| 999 |
_c4117 _d4117 |
||